000
00372nam a2200181Ia 4500
100
_a
Schiller/Jochen
650
_a
Communications
250
_a
2
942
_c
BK
366
_f
25
654
_a
mobile
245
_a
Mobile communications
260
_b
Pearson Education
_c
2009
082
_a
621.382
_b
SCH
300
_a
492
546
_a
ENGLISH
_c
TTL
999
_c
18729
_d
18729